000 01056nam a2200313 i 4500
001 C2-0289703
003 PPAK
005 20230515125533.0
008 080828s2006 my o|||f ||||| | dmay d
020 _a9679121070
_qhardback
040 _aPPAK
_beng
_cPPAK
_erda
082 0 4 _223
_a020.9595
082 0 4 _223
_a923.509595
090 0 0 _a020.9595
_bSAM
_dKK
090 2 0 _a020.9595
_bSAM
_dKMI
090 2 0 _a923.509595
_bSAM
_dKWS
100 0 _aSamsiah Muhamad,
_eauthor.
_cDr.
245 1 0 _aZakiah Hanum :
_bSEIKHLAS BAKTI SELUHUR BUDI /
_cOleh Dr. Samsiah Muhamad
264 1 _aKuala Lumpur :
_bArkib Negara Malaysia,
_c2006
300 _axii, 243 pages :
_bcolour photographs ;
_c29 cm
336 _2rdacontent
_atext
337 _2rdamedia
_aunmediated
338 _2rdacarrier
_avolume
600 0 0 _aZakiah Hanum Hj. Abdul Hamid,
_cDatuk, $d 1937-
_vBiography
650 1 0 _aCivil service
_vBiography
650 2 0 _aPublic officers
_vBiography
650 2 0 _aPublic administration
_vBiography
942 _cB
_2ddc
999 _c95078
_d95078